Eternal Warrior (1992) #27 /

As the Eternal Warrior scours the globe for a new Geomancer, his travels leads to the doorstep of Elyot Zorn, industrialist and heir to the McHenry bloodline. But as the Earth itself opposes Zorn's candidacy, his thirst for power leads to an attempt on Gilad's immortal life.

Bibliographic Details
Corporate Author: Library Pass, LLC
Other Authors: Ostrander, John (writer.)
Format: eBook
Language:English
Published: [United States] : Valiant Entertainment, 2021.
Subjects:
Online Access:Connect to this electronic book (First time users create your free account)

MARC

Tag First Indicator Second Indicator Subfields
LEADER 00000nmm a22000001a 4500
001 in00004615621
006 m|||||o||m||||||||
007 cr|cn |||uuuuu
008 221118s2021 xxu||||eo|||| ||||||eng d
005 20221207214807.9
035 |a (TxWaIVM)IV84966VaEt 
040 |a TxWaIVM  |c TxWaIVM 
245 0 0 |a Eternal Warrior (1992) #27 /  |c powered by Library Pass. 
260 3 |a [United States] :  |b Valiant Entertainment,  |c 2021. 
300 |a 1 online resource. 
336 |a text  |b txt  |2 rdacontent 
337 |a computer  |b c  |2 rdamedia 
338 |a online resource  |b cr  |2 rdacarrier 
520 |a As the Eternal Warrior scours the globe for a new Geomancer, his travels leads to the doorstep of Elyot Zorn, industrialist and heir to the McHenry bloodline. But as the Earth itself opposes Zorn's candidacy, his thirst for power leads to an attempt on Gilad's immortal life. 
521 |a 4 
538 |a Requires a valid library card and registration for new users. 
538 |a Mode of access: World Wide Web. 
538 |a System requirements: Flash 10.1 or higher, Windows XP and higher, Internet Explorer 7 and higher, Firefox 3.6 and higher, Google Chrome; Max OS 10.5 and higher, Safari 4 and higher. 
650 0 |a Comic books, strips, etc. 
655 7 |a Electronic books.  |2 local 
655 7 |a Comic books, strips, etc.  |2 gsafd 
650 0 |a Detective and mystery comic books, strips, etc. 
655 7 |a Detective and mystery comic books, strips, etc.  |2 gsafd 
650 0 |a Comic books, strips, etc. --History 
655 7 |a Comic books, strips, etc. --History  |2 gsafd 
650 0 |a Comic books, strips, etc. --Mythology 
655 7 |a Comic books, strips, etc. --Mythology  |2 gsafd 
650 0 |a Comic books, strips, etc. --Superheroes 
655 7 |a Comic books, strips, etc. --Superheroes  |2 gsafd 
700 1 |a Ostrander, John.  |e writer. 
700 1 |a Halsted, Ted.  |e artist. 
710 2 |a Library Pass, LLC. 
856 4 0 |u http://proxy.library.tamu.edu/login?url=https://tamu.librarypass.com/product/com.iversecomics.valiant.entertainment.eternal.warrior.1992.twenty-seven.english.10222021  |z Connect to this electronic book (First time users create your free account)  |t 0 
955 |a Comics Plus. 
999 f f |s f6422479-944e-4b50-b89c-abcd3ceffce8  |i 4ccd006c-a705-4496-a7ff-00c50bef0b35  |t 0 
952 f f |a Texas A&M University  |b College Station  |c Electronic Resources  |d Available Online  |t 0  |h Library of Congress classification 
998 f f |t 0  |l Available Online